000 00289cam a22001097a 4500
008 180718b1998 xxu||||| |||| 00| 0 eng d
100 _aRoy, Siddhesh
245 _aSukhi Bharat
_cby Siddhesh Roy
260 _aNew Delhi
_bBajrang Prakashan
_c1998
300 _a240p.
650 _aEconomic-India
999 _c438704
_d438704